| 000 | 00944nam a2200229Ia 4500 | ||
|---|---|---|---|
| 003 | GCL | ||
| 008 | 140319s9999 xx 000 0 ara d | ||
| 020 | _a3106358977 | ||
| 040 |
_aGCL / _cGCL |
||
| 082 | 0 | 4 |
_a658.05 _bد ا |
| 100 | 1 | _aعبد الحكم احمد الخزامى | |
| 245 | 1 | 0 |
_aالادارة الالكترونية : _be-Management تاثير الاعمال التجارية الالكترونية e-business على مدير تكنولوجيا المعلومات ITالمعاصر / _cعبد الحكم احمد الخزامى |
| 700 | 1 | _aدودج، ايان | |
| 250 | _aالاولى | ||
| 260 |
_aالقاهرة : _bدار الفجر للنشر والتوزيع ، _c2006 |
||
| 300 |
_a284 ص ؛ _c24 سم |
||
| 650 | 0 | 4 | _aالادارة - تطوير |
| 650 | 0 | 4 | _aالتجارة الالكترونية |
| 650 | 0 | 4 | _aالادارة الالكترونية |
| 650 | 0 | 4 | _aالاقتصاد الرقمى |
| 942 |
_2ddc _cBK |
||
| 999 |
_c8326 _d8326 |
||